00632nam a22001457a 4500003000400000005001700004008004100021020001800062040002900080100002600109245010000135260006700235300001000302650017400312OSt20250916163834.0250707b |||||||| |||| 00| 0 eng d a9781641051767 cChuka University Library aKelley Elizabeth (ED) aRepresenting People with Mental Disabilities: A criminal Defence Lawyer's Best Practices Manual aUnited States of AmericabAmerican Bar Association (ABA)c2018 a351P. a1. LCSH: Defence (Criminal Procedure).......United States. 2. Special needs offenders.....Legal status,law etc.--United States 3. Mental Health laws........United States